000
00210 a2200097 4500
001
48511
100
_a
Pickles, T
245
_a
The wealth of the world
260
_a
London
_b
J M Dent
_c
090
_c
31447
_d
31447
942
_a
NUST-CAE
_c
M
_c
23833
999
_c
283584
_d
283584